| 000 | 00419aam a22001571a 4500 | ||
|---|---|---|---|
| 001 | YPZ16359 | ||
| 003 | YPZ | ||
| 005 | 20190403132758.0 | ||
| 008 | 061011|###########||||||b||||||||||spa|d | ||
| 020 | _a9707030267 | ||
| 040 | _cSIUNPA | ||
| 080 | _a930(725) HIS | ||
| 245 |
_aHistoriografía Michoacana, acercamientos y balances _b : acercamientos y balances |
||
| 260 |
_aMorelia, Mich _b : UMSNH _c , 2000 |
||
| 942 | _cBK | ||
| 999 |
_c15365 _d15365 |
||